Solar and planetary dynamos : (Record no. 6778)

MARC details
000 -LEADER
fixed length control field 01588cam a2200361 a 4500
001 - CONTROL NUMBER
control field 4443131
003 - CONTROL NUMBER IDENTIFIER
control field OSt
005 - DATE AND TIME OF LATEST TRANSACTION
control field 20210216130119.0
008 - FIXED-LENGTH DATA ELEMENTS--GENERAL INFORMATION
fixed length control field 940405s1993 enka b 101 0 eng d
010 ## - LIBRARY OF CONGRESS CONTROL NUMBER
LC control number 94192333
015 ## - NATIONAL BIBLIOGRAPHY NUMBER
National bibliography number GB94-24938
020 ## - INTERNATIONAL STANDARD BOOK NUMBER
International Standard Book Number 0521454700 :
Terms of availability £35.00
035 ## - SYSTEM CONTROL NUMBER
System control number (OCoLC)30361495
040 ## - CATALOGING SOURCE
Original cataloging agency Uk
Transcribing agency Uk
Modifying agency MeU
-- DLC
042 ## - AUTHENTICATION CODE
Authentication code lccopycat
082 00 - DEWEY DECIMAL CLASSIFICATION NUMBER
Classification number 523.2
Edition number 20
Item number SOL 1993
245 00 - TITLE STATEMENT
Title Solar and planetary dynamos :
Remainder of title proceedings of a NATO Advanced Study Institute held at the Isaac Newton Institute, Cambridge, September 1992 /
Statement of responsibility, etc. edited by M.R.E. Proctor, P.C. Matthews and A.M. Rucklidge.
260 ## - PUBLICATION, DISTRIBUTION, ETC. (IMPRINT)
Place of publication, distribution, etc. Cambridge :
Name of publisher, distributor, etc. Cambridge University Press,
Date of publication, distribution, etc. 1993.
300 ## - PHYSICAL DESCRIPTION
Extent xii, 366 p. :
Other physical details ill. ;
Dimensions 24 cm.
440 #0 - SERIES STATEMENT/ADDED ENTRY--TITLE
Title Publications of the Newton Institute.
9 (RLIN) 9877
504 ## - BIBLIOGRAPHY, ETC. NOTE
Bibliography, etc Includes bibliographical references and index.
651 #0 - SUBJECT ADDED ENTRY--GEOGRAPHIC NAME
Geographic name Solar system
General subdivision Congresses.
9 (RLIN) 13886
700 1# - ADDED ENTRY--PERSONAL NAME
Personal name Proctor, M. R. E.
9 (RLIN) 13887
700 1# - ADDED ENTRY--PERSONAL NAME
Personal name Matthews, P. C.
Fuller form of name (Paul Charles),
Dates associated with a name 1962-
9 (RLIN) 13888
700 1# - ADDED ENTRY--PERSONAL NAME
Personal name Rucklidge, A. M.
9 (RLIN) 13889
710 2# - ADDED ENTRY--CORPORATE NAME
Corporate name or jurisdiction name as entry element Isaac Newton Institute for Mathematical Sciences.
9 (RLIN) 13890
711 2# - ADDED ENTRY--MEETING NAME
Meeting name or jurisdiction name as entry element NATO Study Institute "Theory of Solar and Planetary Dynamos"
Date of meeting (1992 :
Location of meeting Isaac Newton Institute)
9 (RLIN) 13891
856 42 - ELECTRONIC LOCATION AND ACCESS
Materials specified Publisher description
Uniform Resource Identifier http://www.loc.gov/catdir/description/cam026/94192333.html
856 41 - ELECTRONIC LOCATION AND ACCESS
Materials specified Table of contents
Uniform Resource Identifier http://www.loc.gov/catdir/toc/cam027/94192333.html
906 ## - LOCAL DATA ELEMENT F, LDF (RLIN)
a 7
b cbc
c copycat
d 2
e ncip
f 19
g y-gencatlg
942 ## - ADDED ENTRY ELEMENTS (KOHA)
Source of classification or shelving scheme Dewey Decimal Classification
Koha item type Open Shelf
Holdings
Withdrawn status Lost status Source of classification or shelving scheme Damaged status Not for loan Home library Current library Date acquired Source of acquisition Inventory number Total Checkouts Full call number Barcode Date last seen Price effective from Koha item type
    Dewey Decimal Classification     MUST Main Library MUST Main Library 16/02/2021 Donation 2004/21774   523.2 SOL 1993 2021-0171 16/02/2021 16/02/2021 Open Shelf
    Dewey Decimal Classification     MUST Main Library MUST Main Library 23/02/2022 Purchase 04/21773   523.2 SOL 1993 2022-0283 23/02/2022 23/02/2022 Open Shelf